000 00526nam a2200205Ia 4500
999 _c46964
_d46964
001 13818
003 GE_BSU
005 20221124172335.0
008 181216s2000||||enk|||||||||||||| ||eng||
020 _a0006511112x
040 _cGE_BSU
041 _aeng
080 _a821.111-3 P-36
100 _aPears, Iain.
_916074
245 4 _aThe immaculate deception /
_cIain Pears;
264 _aLondon :
_bHarper Collins Publishers,
_c2000.
300 _a282 p;
_b18 cm.
653 _aThe immaculate deception.
942 _cBK
_2udc